| 000 | 00610nam a2200205 4500 | ||
|---|---|---|---|
| 003 | OSt | ||
| 005 | 20260530115319.0 | ||
| 008 | 260508b1995 |||a|||| |||| 001 0 eng d | ||
| 020 | _a0934590761 | ||
| 040 |
_aICI _bspa _cICI _erda |
||
| 050 |
_aHF5827.95 _b.P65 |
||
| 100 |
_aPromotional Products Association International _eautor _934156 |
||
| 245 |
_aPoint of Purchase _bDesign Annual |
||
| 264 |
_aHong Kong _bPoint of Purchase Advertising Institute _c1995 |
||
| 300 | _a223 páginas | ||
| 336 |
_2rdacontent _atexto |
||
| 337 |
_2rdamedia _asin medio |
||
| 338 |
_2rdacarrier _avolumen |
||
| 942 |
_2lcc _n1 _cBK |
||
| 999 |
_c13705 _d13705 |
||